000 02972nam0a22003971 4500
001 rc\3224740
005 20250609164537.0
021 _aRU
_b[72-51136]
035 _a(NLR Aleph) 007366794
090 _a6365465
_c6365465
100 _a20130115d1972 |||y0rusy50 ca
101 1 _arus
_cjpn
102 _aRU
105 _ay z |||||
200 1 _aЯпонская новелла. 1960-1970
_e[Сборник]
_eПер. с яп.
_f[Предисл. В. Гривнина]
210 _aМосква
_cПрогресс
_d1972
215 _a443 с.
_d20
300 _aНа обороте тит. л. сост.: К. Рехо
327 1 _aСодерж.: Детская / К. Абэ. Белая роза / Т. Абэ. Неожиданное происшествие / Д. Есиюки. Свое лицо / Т. Исикава. Голос бамбука, цветок персика / Я. Кавабата. Награду солдату / Т. Кайко. Желтый корабль / М. Кита. Далекое море Лейте / С. Кубота. Счастливый каллиграф Тайдзан / С. Мусянокодзи. За пеленой дождя / Т. Нагаи, и новеллы других авт.
464 0 _12001#$aЖелтый корабль$eНовелла
_1700#1$aКита$bМ.
_tЖелтый корабль
_aКита, М.
464 0 _12001#$aНаграду солдату$eНовелла
_1700#1$aКайко$bТ.$gТакэси
_tНаграду солдату
_aКайко, Такэси
464 0 _12001#$aДалекое море Лейте$eНовелла
_1700#1$aКубота$bС.
_tДалекое море Лейте
_aКубота, С.
464 0 _12001#$aЗа пеленой дождя$eНовелла
_1700#1$aНагаи$bТ.
_tЗа пеленой дождя
_aНагаи, Т.
464 0 _12001#$aСчастливый каллиграф Тайдзан$eНовелла
_1700#1$aМусянокодзи$bС.
_tСчастливый каллиграф Тайдзан
_aМусянокодзи, С.
464 0 _12001#$aГолос бамбука, цветок персика$eНовелла
_1700#1$aКавабата$bЯ.$gЯсунари
_tГолос бамбука, цветок персика
_aКавабата, Ясунари
464 0 _12001#$aБелая роза$eНовелла
_1700#1$aАбэ$bТ.
_tБелая роза
_aАбэ, Т.
464 0 _12001#$aДетская$eНовелла
_1700#1$aАбэ$bК.
_tДетская
_aАбэ, К.
464 0 _12001#$aСвое лицо$eНовелла
_1700#1$aИсикава$bТ.
_tСвое лицо
_aИсикава, Т.
464 0 _12001#$aНеожиданное происшествие$eНовелла
_1700#1$aЕсиюки$bД.
_tНеожиданное происшествие
_aЕсиюки, Д.
702 1 _aГривнин
_bВ.
_4080
702 1 _aРехо
_bК.
_4220
801 0 _aRU
_bNLR
_gpsbo
801 1 _aRU
_bELAR
_2rusmarc
852 _aNLR
_j72-3/6320
942 _cBOOK
980 _aNB